00463nam a22001457a 4500020001800000082001500018100001600033245008100049260002300130300000800153650002400161942000700185952010800192999001700300 a9788184650792 a225.52 RAO aRao, Naveen aThe Formulation of Scripture: Lib rative Hebrew Paradigm for Dalit Scripture aDelhibISPCKc2010 a348 aBible-New Testament cBK 001040708NFICaHMIbHMIcGENd2015-03-05eISPCKl0o225.52 RAOp11002856r2026-01-16w2026-01-16yBK c20890d20890